| 000 | 00455nam a2200193Ia 4500 | ||
|---|---|---|---|
| 008 | 170918s9999 xx 000 0 und d | ||
| 020 | _a590438905 | ||
| 050 | _bJ735 1985 | ||
| 100 | _aJohnston, Tony | ||
| 245 | 4 | _aThe quilt story / | |
| 245 | _cTony Johnston Tomie dePaola. | ||
| 260 | _aNew York : | ||
| 260 | _bScholastic, | ||
| 260 | _c1985 | ||
| 300 | _aunpaged : | ||
| 300 | _bcolored illustration ; | ||
| 300 | _c26cm. | ||
| 500 | _a400 | ||
| 999 |
_c341470 _d341470 |
||